000 00302nam a2200121Ia 4500
008 191201s2009 xx 000 0 und d
100 _aKUMAR, Neelesh
245 0 _aInternational Financial Management MBA SEM-4
260 _aN. Delhi
_bVikas Pub
_c2009
300 _a348
650 _aMBA
942 _2ddc
_cBK
999 _c269
_d269